000
00305nam a22001337a 4500
008
170216b xxu||||| |||| 00| 0 eng d
020
_a
9781416059059
041
_a
eng
080
_2
11TH
_a
615
100
_a
5
101
_a
SHF
245
_a
INTRODUCTION TO PHARMACOLOGY
_c
ASPERHEIM, M,K
942
_2
udc
_c
BK
999
_c
5751
_d
5751